| 000 | 00554nam a2200205 u 4500 | ||
|---|---|---|---|
| 005 | 20210223131925.0 | ||
| 008 | 121112s2008 r 000 0 eng d | ||
| 020 | _a9781432904012 | ||
| 035 | _aUPN01000188433 | ||
| 049 | _aI | ||
| 050 | 4 |
_aBJ1451 _bM3.7 |
|
| 100 | 1 |
_aMayer, Cassie _932877 |
|
| 245 | 1 | 0 |
_aSer responsable / _cCassie Mayer. |
| 260 |
_aChicago, EUA : _bHeinemann, _cc2008. |
||
| 300 |
_a24 p. : _bil. col. |
||
| 440 | 0 | _aCivismo | |
| 650 | 4 |
_aRESPONSABILIDAD - _vLITERATURA JUVENIL _921597 |
|
| 905 | _aInfantil | ||
| 999 |
_c160536 _d160536 |
||